Sports Quiz

Random Sports or Hockey Quiz
Score 0/217 Timer 20:00
0 Plays Today
Team Owner % Correct
Anaheim DucksAnaheim Ducks
100%
Anaheim DucksAnaheim Ducks
100%
Anaheim DucksAnaheim Ducks
100%
Anaheim DucksAnaheim Ducks
76%
Anaheim DucksAnaheim Ducks
76%
Arizona CoyotesArizona Coyotes
76%
Boston BruinsBoston Bruins
76%
Boston BruinsBoston Bruins
76%
Boston BruinsBoston Bruins
76%
Boston BruinsBoston Bruins
76%
Buffalo SabresBuffalo Sabres
76%
Buffalo SabresBuffalo Sabres
76%
Buffalo SabresBuffalo Sabres
76%
Buffalo SabresBuffalo Sabres
76%
Calgary FlamesCalgary Flames
76%
Calgary FlamesCalgary Flames
76%
Calgary FlamesCalgary Flames
76%
Calgary FlamesCalgary Flames
76%
Carolina HurricanesCarolina Hurricanes
76%
Carolina HurricanesCarolina Hurricanes
76%
Carolina HurricanesCarolina Hurricanes
76%
Boston BruinsBoston Bruins
72%
Buffalo SabresBuffalo Sabres
72%
Calgary FlamesCalgary Flames
72%
Carolina HurricanesCarolina Hurricanes
72%
Chicago BlackhawksChicago Blackhawks
72%
Chicago BlackhawksChicago Blackhawks
72%
Arizona CoyotesNew Jersey Devils
68%
Arizona CoyotesArizona Coyotes
68%
Arizona CoyotesArizona Coyotes
68%
Arizona CoyotesArizona Coyotes
68%
Arizona CoyotesArizona Coyotes
68%
Chicago BlackhawksChicago Blackhawks
68%
Chicago BlackhawksChicago Blackhawks
68%
Chicago BlackhawksChicago Blackhawks
64%
Colorado AvalancheColorado Avalanche
64%
Colorado AvalancheColorado Avalanche
64%
Colorado AvalancheColorado Avalanche
64%
Carolina HurricanesNew York Rangers
60%
Colorado AvalancheColorado Avalanche
60%
Dallas StarsDallas Stars
56%
Boston BruinsAnaheim Ducks
52%
Dallas StarsDallas Stars
52%
Dallas StarsDallas Stars
52%
Dallas StarsDallas Stars
52%
Edmonton OilersEdmonton Oilers
48%
Edmonton OilersEdmonton Oilers
48%
New York RangersNew York Rangers
48%
New York RangersNew York Rangers
48%
New York RangersNew York Rangers
48%
New York RangersNew York Rangers
48%
New York RangersNew York Rangers
48%
New York RangersNew York Rangers
48%
Tampa Bay LightningTampa Bay Lightning
48%
Tampa Bay LightningTampa Bay Lightning
48%
Tampa Bay LightningTampa Bay Lightning
48%
Edmonton OilersEdmonton Oilers
44%
Edmonton OilersEdmonton Oilers
44%
Edmonton OilersEdmonton Oilers
44%
Florida PanthersFlorida Panthers
44%
Florida PanthersFlorida Panthers
44%
Florida PanthersFlorida Panthers
44%
Florida PanthersFlorida Panthers
44%
Florida PanthersFlorida Panthers
44%
Los Angeles KingsLos Angeles Kings
44%
Los Angeles KingsLos Angeles Kings
44%
Los Angeles KingsLos Angeles Kings
44%
Los Angeles KingsLos Angeles Kings
44%
Los Angeles KingsLos Angeles Kings
44%
Los Angeles KingsLos Angeles Kings
44%
Los Angeles KingsLos Angeles Kings
44%
Minnesota Wild Minnesota Wild
44%
Minnesota Wild Minnesota Wild
44%
Team Owner % Correct
Minnesota Wild Minnesota Wild
44%
Minnesota Wild Minnesota Wild
44%
Minnesota Wild Minnesota Wild
44%
Minnesota Wild Minnesota Wild
44%
Montreal CanadiensMontreal Canadiens
44%
Montreal CanadiensMontreal Canadiens
44%
Montreal CanadiensMontreal Canadiens
44%
Montreal CanadiensMontreal Canadiens
44%
Montreal CanadiensMontreal Canadiens
44%
Montreal CanadiensMontreal Canadiens
44%
Nashville PredatorsNashville Predators
44%
Nashville PredatorsNashville Predators
44%
Nashville PredatorsNashville Predators
44%
Nashville PredatorsNashville Predators
44%
Nashville PredatorsNashville Predators
44%
New Jersey DevilsNew Jersey Devils
44%
New Jersey DevilsNew Jersey Devils
44%
New Jersey DevilsNew Jersey Devils
44%
New Jersey DevilsNew Jersey Devils
44%
New Jersey DevilsNew Jersey Devils
44%
New York IslandersNew York Islanders
44%
New York IslandersNew York Islanders
44%
New York IslandersNew York Islanders
44%
New York IslandersNew York Islanders
44%
New York IslandersNew York Islanders
44%
Ottawa SenatorsOttawa Senators
44%
Ottawa SenatorsOttawa Senators
44%
Ottawa SenatorsOttawa Senators
44%
Ottawa SenatorsOttawa Senators
44%
Philadelphia FlyersPhiladelphia Flyers
44%
Philadelphia FlyersPhiladelphia Flyers
44%
Philadelphia FlyersPhiladelphia Flyers
44%
Philadelphia FlyersPhiladelphia Flyers
44%
Pittsburgh PenguinsPittsburgh Penguins
44%
Pittsburgh PenguinsPittsburgh Penguins
44%
Pittsburgh PenguinsPittsburgh Penguins
44%
St. Louis BluesSt. Louis Blues
44%
St. Louis BluesSt. Louis Blues
44%
St. Louis BluesSt. Louis Blues
44%
St. Louis BluesSt. Louis Blues
44%
San Jose SharksSan Jose Sharks
44%
San Jose SharksSan Jose Sharks
44%
Tampa Bay LightningSan Jose Sharks
44%
Tampa Bay LightningTampa Bay Lightning
44%
Tampa Bay LightningTampa Bay Lightning
44%
Columbus Blue JacketsColumbus Blue Jackets
44%
Vancouver CanucksVancouver Canucks
44%
Vancouver CanucksVancouver Canucks
44%
Vancouver CanucksVancouver Canucks
44%
Vancouver CanucksVancouver Canucks
44%
Columbus Blue JacketsColumbus Blue Jackets
44%
Columbus Blue JacketsColumbus Blue Jackets
44%
Columbus Blue JacketsColumbus Blue Jackets
44%
Columbus Blue JacketsColumbus Blue Jackets
44%
Detroit Red WingsDetroit Red Wings
40%
Detroit Red WingsDetroit Red Wings
40%
Detroit Red WingsDetroit Red Wings
40%
Detroit Red WingsDetroit Red Wings
40%
Detroit Red WingsDetroit Red Wings
40%
Detroit Red WingsDetroit Red Wings
40%
Philadelphia FlyersPhiladelphia Flyers
40%
Philadelphia FlyersPhiladelphia Flyers
40%
Pittsburgh PenguinsPittsburgh Penguins
40%
San Jose SharksOttawa Senators
40%
Toronto Maple LeafsToronto Maple Leafs
40%
Toronto Maple LeafsToronto Maple Leafs
40%
Toronto Maple LeafsToronto Maple Leafs
40%
Washington Capitals Washington Capitals
40%
Washington Capitals Washington Capitals
40%
Washington Capitals Washington Capitals
40%
Washington Capitals Washington Capitals
40%
Winnipeg JetsWinnipeg Jets
40%
New York IslandersOttawa Senators
36%
Team Owner % Correct
Pittsburgh PenguinsMinnesota Wild
36%
Toronto Maple LeafsCarolina Hurricanes
36%
Winnipeg JetsWinnipeg Jets
36%
Winnipeg JetsWinnipeg Jets
36%
Winnipeg JetsWinnipeg Jets
36%
Edmonton OilersDetroit Red Wings
32%
Vegas Golden KnightsVegas Golden Knights
32%
Edmonton OilersDetroit Red Wings
28%
New York IslandersOttawa Senators
28%
Vancouver CanucksNew Jersey Devils
28%
Vegas Golden KnightsVegas Golden Knights
28%
Vegas Golden KnightsVegas Golden Knights
28%
Vegas Golden KnightsVegas Golden Knights
28%
Columbus Blue JacketsOttawa Senators
28%
Calgary FlamesChicago Blackhawks
24%
New York RangersCarolina Hurricanes
24%
New Jersey DevilsNashville Predators
20%
St. Louis BluesMontreal Canadiens
20%
Toronto Maple LeafsColorado Avalanche
20%
Vancouver CanucksLos Angeles Kings
20%
Boston BruinsNew Jersey Devils
16%
Calgary FlamesLos Angeles Kings
16%
Chicago BlackhawksMontreal Canadiens
16%
Colorado AvalancheSan Jose Sharks
16%
Colorado AvalancheToronto Maple Leafs
16%
Ottawa SenatorsSan Jose Sharks
16%
Washington Capitals Montreal Canadiens
16%
Anaheim DucksVancouver Canucks
12%
Carolina HurricanesToronto Maple Leafs
12%
Chicago BlackhawksMontreal Canadiens
12%
Minnesota Wild Nashville Predators
12%
Pittsburgh PenguinsSan Jose Sharks
12%
San Jose SharksOttawa Senators
12%
Vegas Golden KnightsLos Angeles Kings
12%
Washington Capitals San Jose Sharks
12%
Buffalo SabresCarolina Hurricanes
8%
Dallas StarsNew York Rangers
8%
New Jersey DevilsVegas Golden Knights
8%
Anaheim DucksMontreal Canadiens
4%
Arizona CoyotesWashington Capitals
4%
Carolina HurricanesSt. Louis Blues
4%
Colorado AvalancheFlorida Panthers
4%
Dallas StarsOttawa Senators
4%
Montreal CanadiensPhiladelphia Flyers
4%
Nashville PredatorsAnaheim Ducks
4%
Nashville PredatorsNew York Rangers
4%
Ottawa SenatorsMontreal Canadiens
4%
Philadelphia FlyersTampa Bay Lightning
4%
Pittsburgh PenguinsChicago Blackhawks
4%
St. Louis BluesOttawa Senators
4%
St. Louis BluesToronto Maple Leafs
4%
San Jose SharksDetroit Red Wings
4%
Vegas Golden KnightsToronto Maple Leafs
4%
Vegas Golden KnightsToronto Maple Leafs
4%
Winnipeg JetsMontreal Canadiens
4%
Buffalo SabresDallas Stars
0%
Dallas StarsBuffalo Sabres
0%
Detroit Red WingsTampa Bay Lightning
0%
Florida PanthersMontreal Canadiens
0%
Florida PanthersColorado Avalanche
0%
Ottawa SenatorsTampa Bay Lightning
0%
San Jose SharksCalgary Flames
0%
San Jose SharksToronto Maple Leafs
0%
Tampa Bay LightningOttawa Senators
0%
Toronto Maple LeafsFlorida Panthers
0%
Toronto Maple LeafsCarolina Hurricanes
0%
Vancouver CanucksNew York Rangers
0%
Washington Capitals Detroit Red Wings
0%
Winnipeg JetsOttawa Senators
0%
Winnipeg JetsToronto Maple Leafs
0%
Columbus Blue JacketsLos Angeles Kings
0%
Remove Ads.
Support Sporcle.
Get the best of Sporcle when you Go Orange. This ad-free experience offers more features, more stats, and more fun while also helping to support Sporcle. Thank you for becoming a member.

You're not logged in!

Compare scores with friends on all Sporcle quizzes.
OR
Log In

Sporcle TV

Today on Sporcle TV


Watch our educational content, quiz creation guides, and fun videos on Sporcle TV.

Show Comments

Extras

Created May 7, 2020ReportNominate
Tags:Hockey Quiz, NHL Quiz

Top Quizzes Today


Score Distribution

Paid Content

Your Account Isn't Verified!

In order to create a playlist on Sporcle, you need to verify the email address you used during registration. Go to your Sporcle Settings to finish the process.

Report this User

Report this user for behavior that violates our Community Guidelines.

Details: